| 000 | 00778nam a2200253 i 4500 | ||
|---|---|---|---|
| 001 | 82204 | ||
| 003 | ES-MaACL | ||
| 005 | 20230906174628.0 | ||
| 007 | t| | ||
| 008 | 041201s1982 sp a |||| | spa d | ||
| 020 | _a84-85346-63-7 | ||
| 080 | _a910.4(100) | ||
| 080 | _a830-992"18" | ||
| 100 | 1 |
_aChamisso, Adelbert von. _937878 |
|
| 245 | 1 | 0 |
_aViaje alrededor del mundo / _cAdelbert von Chamisso ; prólogo y traducción de Carlos Sánchez Rodrigo. |
| 260 |
_aBarcelona : _bLaertes, _c1982. |
||
| 300 |
_a134 p. : _bil. ; _c20 cm. |
||
| 490 | 1 |
_aNan Shan ; _v4 |
|
| 650 | 1 | 4 |
_aViajes alrededor del mundo- _yS.XIX. _9151090 |
| 700 | 1 |
_aSánchez Rodrigo, Carlos. _9102884 |
|
| 830 | 0 |
_aNan Shan ; _v4 _9182361 |
|
| 852 |
_aES-MaACL _jE-10546 |
||
| 999 |
_c82204 _d82204 |
||